=LDR 00000nam 2200000 4500 =001 INLIS000000000044413 =005 20200625082120 =035 ##$$a 0010-101300000002335 =008 200625################g##########0#ind## =041 ##$$a Ind =082 ##$$a 2X4 =090 ##$$a 2X4, Raf f =245 1#$$a Fiqh Kontekstual : $b dari normatif ke pemaknaan sosial /$c H. ahmad rofiq; Editor, Mu'ammar ramadhan =850 ##$$a NBPNMAT =020 ##$$a 979-3477-76-8 =084 ##$$a 2X4 ROF f =100 #$$a Rofiq, ahmad =250 ##$$a Cet. 1 =260 ##$$a Yogyakarta :$b Pustaka pelajar,$c 2004 =300 ##$$a xii,379 hlm. ; $c 14 x 21 cm =650 #4$$a Fiqh - sosial =504 ##$$a Bibliografi : hlm. 370 - 376 =520 ##$$a Biodata : hlm. 377 - 379 =990 ##$$a 3598/Pb- 2004 =990 ##$$a 0001/BPAP-NTB/20142015